Responses for Show #7091 - Monday, June 15, 2015

Brennan Bushee game 1.

Contestants

[<< previous game]

Brennan Bushee, an operations analyst from Malden, Massachusetts

Amy Merrick, a university instructor from Chicago, Illinois

Darren Harris-Fain, an English professor from Prattville, Alabama (whose 3-day cash winnings total $63,000)

[next game >>]

Jeopardy! Round responses

A VISIT WITH KATIE COURIC
3-LETTER WORDS
THEY DON'T MAKE THESE CARS ANYMORE
(Alex: You name the make for us.)
LUCKY 13
NOVELS BY COUPLE
NEW MUSICAL SUPERGROUPS
(Alex: You have to tell us which two groups we have combined to make the supergroup.)
    $200 12
philanthropy

Darren
    $200 1
jam

Amy
    $200 11
Nissan

Amy
    $200 20
Apollo 13

Brennan
    $200 13
Pride and Prejudice

Brennan
    $200 6
Blue Öyster Cult & The Black Eyed Peas

Brennan
    $400 24
the State of the Union address

Brennan
    $400 2
a nit

Brennan
    $400 14
Hummer

Amy
    $400 21
Virginia

Darren
    $400 15
The Great Gatsby

Darren
    $400 7
Rage Against the Machine & One Direction

Brennan
    $600 28
(Ruth Bader) Ginsburg

Darren
    $600 3
ska

Darren
    $600 19
Buick

Darren
    $600 22
rugby

Brennan
    $600 16
The Princess Bride

Darren
    $600 8
Radiohead & OutKast

Brennan
    $800 29
Greece

Brennan
    $800 4
gum

Amy
    $800 25
Chevy

Brennan
    $800 23
a coven

Amy
    $1,800 17
The Fault in Our Stars

Darren
    $800 9
Maroon 5 & Third Eye Blind

Amy
    $1000 30
(Alex: ...and before we move into the commercial break, our thanks to Katie Couric. Nice to see her back in news.)

Edward R. Murrow

Brennan
    $1000 5
a sac

Brennan
    $1000 26
Acura

Brennan
    $1000 27
(Brennan: What is Lourdes?)
(Darren: What is Guadalupe?)

Fátima

DarrenBrennan
Triple Stumper
    $1000 18
Madame Bovary

Brennan
    $1000 10
Linkin Park & The White Stripes

Brennan

Scores at the first commercial break (after clue 15):

Darren Amy Brennan
$1,200 $2,400 $3,800

Scores at the end of the Jeopardy! Round:

Darren Amy Brennan
$4,200 $3,200 $8,600

Double Jeopardy! Round responses

STATE AMPHIBIANS & REPTILES
LIVES OF THE SCIENTISTS
MOVIE TITLE POSSESIVES
THIS AMERICAN STRIFE
A PLACE TO STAY
3 "HOT"s & 2 "COT"s
    $400 26
Florida

Brennan
    $400 3
Kelvin

Darren
    $400 2
Charlotte's Web

Brennan
    $400 14
San Francisco

Brennan
    $400 12
jails

Darren
    $400 1
a hothouse

Darren
    $800 27
the bullfrog

Triple Stumper
    $800 8
(Ivan) Pavlov

Amy
    $2,000 4
Schindler's List

Darren
    $800 15
Tories (or Loyalists)

Darren
    $800 22
Airbnb

Brennan
    $800 13
a hot potato

Brennan
    $1200 28
acid rain

Amy
    $1200 9
(Niels) Bohr

Brennan
    $1200 5
Miller's Crossing

Triple Stumper
    $1200 19
(George) Wallace

Brennan
    $1200 23
a mobile home park

Darren
    $1200 16
a hot foot

Amy
    $1600 29
rattlesnake

Brennan
    $1600 10
Linus Pauling

Amy
    $1600 6
Prizzi's Honor

Triple Stumper
    $1600 20
Joe McCarthy

Amy
    $1600 24
halfway houses

Brennan
    $1600 17
take a cotton to

Darren
    $2000 30
a snapping turtle

Brennan
    $2,000 11
Robert Oppenheimer

Amy
    $2000 7
Logan's Run

Triple Stumper
    $2000 21
Anzio

Triple Stumper
    $2000 25
(Alex: That's it, with less than a minute to go now.)

casitas

Amy
    $2000 18
the Cotswolds

Darren

Scores at the end of the Double Jeopardy! Round:

Darren Amy Brennan
$13,000 $13,600 $19,000

[wagering suggestions for these scores]

Final Jeopardy! Round responses

19th CENTURY POETRY
(Alex: And the poem, of course, was called Don Juan.)
DarrenWho is Lord Byron?
$12,500
AmyWho ar is Lord Byron
$12,401
BrennanWho is Lord Byron?
$8,201
Lord Byron

Final scores:

Darren Amy Brennan
$25,500 $26,001 $27,201
3rd place: $1,000 2nd place: $2,000 New champion: $27,201

Game dynamics:

Coryat scores:

Darren Amy Brennan
$10,800 $13,600 $19,000
16 R
(including 2 DDs),
1 W
13 R
(including 1 DD),
0 W
25 R,
1 W

Combined Coryat: $43,400

[game clues] [game scores] [suggest correction]

Game tape date: Unknown
The J! Archive is created by fans, for fans. Scraping, republication, monetization, and malicious use prohibited; this site may use cookies and collect identifying information. See terms. The Jeopardy! game show and all elements thereof, including but not limited to copyright and trademark thereto, are the property of Jeopardy Productions, Inc. and are protected under law. This website is not affiliated with, sponsored by, or operated by Jeopardy Productions, Inc. Join the discussion at JBoard.tv.